[Event "BCF-chT 2425 (4NCL)"]
[Site "England"]
[Date "2025.02.15"]
[Round "5.33"]
[White "Czopor, Maciej"]
[Black "Ansell, Simon"]
[Result "1/2-1/2"]
[WhiteElo "2409"]
[BlackElo "2317"]
[PlyCount "67"]
[EventDate "2024.11.23"]
[EventType "team-swiss"]
[EventRounds "11"]
[EventCountry "ENG"]
[SourceTitle "CB14_2025"]
[SourceDate "2024.11.01"]
[SourceVersion "1"]
[SourceVersionDate "2024.11.01"]
[SourceQuality "1"]
[WhiteTeam "Wood Green Youth"]
[BlackTeam "Blackthorne Russia"]
[WhiteTeamCountry "ENG"]
[BlackTeamCountry "ENG"]

1. e4 c5 2. Nf3 Nc6 3. Bc4 e6 4. 0-0 a6 5. Re1 b5 6. Bf1 Bb7 7. c3 Nf6 8. a4 b4 9. d4 cxd4 10. cxd4 d5 11. e5 Nd7 12. h4 h6 13. Nbd2 Be7 14. h5 Qb6 15. Nb3 a5 16. Nh2 0-0-0 17. Be3 Kb8 18. Rc1 Ba6 19. Qg4 Rhg8 20. Bxa6 Qxa6 21. Qe2 Qxe2 22. Rxe2 Rc8 23. Rec2 Na7 24. Nxa5 Rxc2 25. Rxc2 Rc8 26. Rxc8+ Kxc8 27. Ng4 Bf8 28. Nb3 Nb6 29. Nc5 Nc4 30. Nd3 b3 31. Kf1 Nc6 32. Ke2 Kc7 33. Nc1 Nxb2 34. Nxb3 1/2-1/2

[Event "BCF-chT 2425 (4NCL)"]
[Site "England"]
[Date "2024.11.23"]
[Round "1.52"]
[White "Chow, Samuel"]
[Black "Ansell, Simon"]
[Result "1-0"]
[WhiteElo "2348"]
[BlackElo "2323"]
[PlyCount "57"]
[EventDate "2024.11.23"]
[EventType "team-swiss"]
[EventRounds "11"]
[EventCountry "ENG"]
[SourceTitle "CB48_2024"]
[SourceDate "2024.11.28"]
[SourceVersion "1"]
[SourceVersionDate "2024.11.28"]
[SourceQuality "1"]
[WhiteTeam "Chessable White Rose"]
[BlackTeam "Blackthorne Russia"]
[WhiteTeamCountry "ENG"]
[BlackTeamCountry "ENG"]

1. d4 d5 2. c4 c6 3. Nc3 Nf6 4. e3 a6 5. Nf3 b5 6. b3 Bg4 7. a4 b4 8. Ne2 Bxf3 9. gxf3 e6 10. Bg2 Be7 11. e4 0-0 12. 0-0 a5 13. e5 Ne8 14. Be3 Nd7 15. Rc1 g6 16. cxd5 cxd5 17. Rc6 Ng7 18. Qd3 Nb8 19. Rc2 Qd7 20. Rfc1 Ra7 21. Bf1 Nf5 22. Ng3 f6 23. Nxf5 gxf5 24. Bh6 Rd8 25. f4 Kh8 26. Qg3 Bf8 27. Bb5 Qe7 28. exf6 Qxf6 29. Bg5 1-0

[Event "EU-Cup 39th"]
[Site "Vrnjacka Banja"]
[Date "2024.10.25"]
[Round "6.2"]
[White "Ansell, Simon"]
[Black "Heimisson, Hilmir Freyr"]
[Result "0-1"]
[WhiteElo "2328"]
[BlackElo "2384"]
[PlyCount "71"]
[EventDate "2024.10.20"]
[EventType "team-swiss"]
[EventRounds "7"]
[EventCountry "SRB"]
[SourceTitle "CB44_2024"]
[Source "Chessbase"]
[SourceDate "2024.10.30"]
[SourceVersion "1"]
[SourceVersionDate "2024.10.30"]
[SourceQuality "1"]
[WhiteTeam "Blackthorne"]
[BlackTeam "Breidablik"]
[WhiteTeamCountry "ENG"]
[BlackTeamCountry "ISL"]

1. e4 e5 2. Nf3 Nc6 3. d4 exd4 4. Nxd4 Nf6 5. Nxc6 bxc6 6. e5 Qe7 7. Qe2 Nd5 8. h4 Qe6 9. Nd2 Nb4 10. Nf3 Ba6 11. c4 c5 12. a3 Nc6 13. Bd2 Nd4 14. Nxd4 cxd4 15. Qe4 Rb8 16. Qxd4 c5 17. Qc3 Bd6 18. f4 f6 19. 0-0-0 fxe5 20. Re1 0-0 21. Bd3 Bc7 22. Qc2 Kh8 23. Re2 Qf6 24. h5 h6 25. Rhe1 exf4 26. Bc3 Qg5 27. Kb1 Bd8 28. Qa4 Bf6 29. Re5 Qg3 30. Qxd7 Rbd8 31. Re8 Qxe1+ 32. Bxe1 Rfxe8 33. Qf5 Rxe1+ 34. Kc2 Kg8 35. Qxf4 Bg5 36. Qf5 0-1

[Event "EU-Cup 39th"]
[Site "Vrnjacka Banja"]
[Date "2024.10.24"]
[Round "5.2"]
[White "Olsen, Filip Boe"]
[Black "Ansell, Simon"]
[Result "1-0"]
[WhiteElo "2444"]
[BlackElo "2328"]
[PlyCount "65"]
[EventDate "2024.10.20"]
[EventType "team-swiss"]
[EventRounds "7"]
[EventCountry "SRB"]
[SourceTitle "CB44_2024"]
[Source "Chessbase"]
[SourceDate "2024.10.30"]
[SourceVersion "1"]
[SourceVersionDate "2024.10.30"]
[SourceQuality "1"]
[WhiteTeam "Silla Valencia"]
[BlackTeam "Blackthorne"]
[WhiteTeamCountry "ESP"]
[BlackTeamCountry "ENG"]

1. e4 c5 2. Nf3 Nc6 3. Bb5 e6 4. 0-0 Nge7 5. d4 cxd4 6. Nxd4 Nxd4 7. Qxd4 a6 8. Be2 Nc6 9. Qc3 Qc7 10. a4 Qe5 11. Qxe5 Nxe5 12. Be3 d6 13. Nd2 Bd7 14. Rfd1 Be7 15. f4 Ng6 16. Nc4 Bc6 17. Bf3 Rd8 18. g3 0-0 19. Na5 Rb8 20. b3 Rfc8 21. Nc4 d5 22. Nb6 dxe4 23. Nxc8 exf3 24. Nxe7+ Nxe7 25. c4 Be4 26. b4 h5 27. Rd4 Bc6 28. b5 Nf5 29. bxc6 Nxd4 30. Bxd4 bxc6 31. Kf2 Rb4 32. Kxf3 Rxc4 33. Be3 1-0

[Event "Titled Tuesday intern op 30th Jul Late"]
[Site "Chess.com INT"]
[Date "2024.07.30"]
[Round "3"]
[White "Korpics, Zsolt"]
[Black "Ansell, Simon"]
[Result "0-1"]
[WhiteElo "2300"]
[BlackElo "2328"]
[PlyCount "82"]
[EventDate "2024.07.30"]
[EventType "swiss (blitz)"]
[EventRounds "11"]
[EventCountry "USA"]
[SourceTitle "EXT 2025"]
[Source "ChessBase"]
[SourceDate "2024.10.14"]
[SourceVersion "1"]
[SourceVersionDate "2024.10.14"]
[SourceQuality "1"]

1. e4 c5 2. Nf3 Nc6 3. d4 cxd4 4. Nxd4 e5 5. Nb5 d6 6. N1c3 a6 7. Na3 Be6 8. Nc4 b5 9. Ne3 Nf6 10. Bd3 g6 11. 0-0 Bh6 12. Ned5 Bxc1 13. Nxf6+ Qxf6 14. Rxc1 0-0 15. a4 b4 16. Nb1 a5 17. Nd2 Rac8 18. Nc4 Rfd8 19. Ne3 Nd4 20. c3 Bb3 21. Qd2 bxc3 22. bxc3 Ne6 23. Rb1 Nc5 24. Bc2 Be6 25. Rb5 Qg5 26. Rfb1 d5 27. exd5 Bxd5 28. Qe2 Be6 29. Rxa5 h5 30. Rbb5 Nd7 31. Bb3 Bxb3 32. Rxb3 h4 33. Rd5 h3 34. g3 Nf6 35. Rxd8+ Rxd8 36. Rb1 Ne4 37. Rd1 Nxc3 38. Rxd8+ Qxd8 39. Qc4 Qd2 40. Nf1 Ne2+ 41. Kh1 Qe1 0-1

[Event "BCF-chT 2324 (4NCL)"]
[Site "England"]
[Date "2024.05.04"]
[Round "9.4"]
[White "Horton, Jamie A"]
[Black "Ansell, Simon"]
[Result "1/2-1/2"]
[WhiteElo "2183"]
[BlackElo "2333"]
[PlyCount "98"]
[EventDate "2023.11.11"]
[EventType "team-tourn"]
[EventRounds "11"]
[EventCountry "ENG"]
[SourceTitle "EXT 2025"]
[Source "ChessBase"]
[SourceDate "2024.10.14"]
[SourceVersion "1"]
[SourceVersionDate "2024.10.14"]
[SourceQuality "1"]
[WhiteTeam "Celtic Tigers"]
[BlackTeam "Blackthorne Russia"]
[WhiteTeamCountry "ENG"]
[BlackTeamCountry "ENG"]

1. d4 d5 2. c4 c6 3. cxd5 cxd5 4. Bg5 f6 5. Bd2 Nc6 6. Nc3 e5 7. e4 dxe4 8. dxe5 fxe5 9. Bc4 Nf6 10. Nge2 Bc5 11. h3 Bf5 12. Bg5 Qxd1+ 13. Rxd1 Rc8 14. Ng3 Bg6 15. Be6 Rd8 16. Rxd8+ Nxd8 17. Bb3 Nc6 18. 0-0 Nd4 19. Ba4+ Kf7 20. Re1 h6 21. Bh4 Bb4 22. a3 Bxc3 23. bxc3 Nf5 24. Bb3+ Ke7 25. Bxf6+ gxf6 26. Nxe4 Rc8 27. Bd5 Nd6 28. Nxd6 Kxd6 29. Bxb7 Rxc3 30. Ra1 Kc5 31. Ba6 Be4 32. h4 Bc6 33. Kh2 f5 34. f3 f4 35. Kg1 Bd5 36. Kf2 Rc2+ 37. Kg1 e4 38. fxe4 Bxe4 39. Bf1 a5 40. Re1 Kd4 41. Rd1+ Ke5 42. Rd8 Ra2 43. Rh8 Rxa3 44. Rxh6 Ra1 45. Kf2 a4 46. Rh5+ Kd4 47. Be2 Ra2 48. Rh8 Bxg2 49. Kxg2 Rxe2+ 1/2-1/2

[Event "BCF-chT 2324 (4NCL)"]
[Site "England"]
[Date "2024.01.14"]
[Round "4.4"]
[White "Pollack, Oscar"]
[Black "Ansell, Simon"]
[Result "1/2-1/2"]
[WhiteElo "2125"]
[BlackElo "2337"]
[PlyCount "116"]
[EventDate "2023.11.11"]
[EventType "team-tourn"]
[EventRounds "11"]
[EventCountry "ENG"]
[SourceTitle "CBM 219 Extra"]
[Source "ChessBase"]
[SourceDate "2024.05.31"]
[SourceVersion "1"]
[SourceVersionDate "2024.05.31"]
[SourceQuality "1"]
[WhiteTeam "Barnet Knights"]
[BlackTeam "Blackthorne Russia"]
[WhiteTeamCountry "ENG"]
[BlackTeamCountry "ENG"]

1. e4 c5 2. Nf3 Nc6 3. Bb5 e6 4. Bxc6 bxc6 5. b3 Qc7 6. Bb2 Ne7 7. d3 Ng6 8. h4 h5 9. Nbd2 e5 10. Nc4 d6 11. Ne3 Be7 12. Nf5 Bf6 13. Nd2 Bxf5 14. exf5 Nxh4 15. g3 Nxf5 16. Rxh5 Rxh5 17. Qxh5 g6 18. Qf3 Bg7 19. 0-0-0 0-0-0 20. Qg4 Bh6 21. Kb1 Bxd2 22. Rxd2 Qd7 23. Qc4 Kb7 24. Rd1 Re8 25. Re1 Qe6 26. Qa4 Qd5 27. Re4 Nd4 28. c4 Qe6 29. b4 f5 30. Rh4 Qd7 31. bxc5 dxc5 32. Rh6 Qg7 33. Rh1 Rb8 34. Ka1 Qc7 35. Rh6 Rg8 36. Ba3 Ne6 37. Rh1 Ka8 38. Re1 Rb8 39. Bb2 Nd4 40. Bxd4 cxd4 41. Qa3 Qb6 42. Qc1 Qa5 43. c5 e4 44. dxe4 d3 45. Re3 d2 46. Qd1 Qxc5 47. Qxd2 fxe4 48. Qc3 Qxc3+ 49. Rxc3 Rf8 50. Rxc6 Rxf2 51. Re6 Rg2 52. Rxe4 Rxg3 53. Kb2 Kb7 54. Re7+ Kb6 55. Re6+ Kb5 56. Re5+ Kb4 57. Re4+ Kc5 58. Re5+ Kb6 1/2-1/2

[Event "BCF-chT 2324 (4NCL)"]
[Site "England"]
[Date "2023.11.12"]
[Round "2.5"]
[White "Ansell, Simon"]
[Black "MacFarlane, Donald"]
[Result "1/2-1/2"]
[WhiteElo "2342"]
[BlackElo "2153"]
[PlyCount "49"]
[EventDate "2023.11.11"]
[EventType "team-tourn"]
[EventRounds "11"]
[EventCountry "ENG"]
[SourceTitle "CBM 217 Extra"]
[Source "ChessBase"]
[SourceDate "2024.01.31"]
[SourceVersion "1"]
[SourceVersionDate "2024.01.31"]
[SourceQuality "1"]
[WhiteTeam "Blackthorne Russia"]
[BlackTeam "Oxford"]
[WhiteTeamCountry "ENG"]
[BlackTeamCountry "ENG"]

1. e4 e5 2. Nf3 d6 3. d4 Nf6 4. Nc3 Nbd7 5. Bc4 Be7 6. 0-0 0-0 7. a4 c6 8. Ba2 Qc7 9. Qe2 h6 10. Rd1 Nh5 11. h3 Ndf6 12. Nh4 g5 13. dxe5 dxe5 14. Nf5 Bxf5 15. exf5 Nf4 16. Qf3 Rad8 17. Re1 Bb4 18. Bxf4 exf4 19. Ne4 Be7 20. c3 Nxe4 21. Qxe4 Bf6 22. Re2 Rd7 23. Rae1 Re7 24. Qc4 Rfe8 25. Rxe7 1/2-1/2

[Event "BCF-chT 2223 (4NCL)"]
[Site "England"]
[Date "2023.04.30"]
[Round "10.4"]
[White "Bisby, Daniel L"]
[Black "Ansell, Simon"]
[Result "1/2-1/2"]
[WhiteElo "2277"]
[BlackElo "2345"]
[PlyCount "53"]
[EventDate "2022.10.22"]
[EventType "team-swiss"]
[EventRounds "11"]
[EventCountry "ENG"]
[SourceTitle "EXT 2024"]
[Source "ChessBase"]
[SourceDate "2023.10.10"]
[SourceVersion "1"]
[SourceVersionDate "2023.10.10"]
[SourceQuality "1"]
[WhiteTeam "Cambridge University"]
[BlackTeam "Blackthorne Russia"]
[WhiteTeamCountry "ENG"]
[BlackTeamCountry "ENG"]

1. e4 c5 2. Nf3 Nc6 3. d4 cxd4 4. Nxd4 e5 5. Nb5 d6 6. c4 Be6 7. N1c3 a6 8. Na3 g6 9. Nc2 Nf6 10. Be2 Bg7 11. Bg5 h6 12. Be3 Rc8 13. 0-0 h5 14. f3 0-0 15. Nd5 Ne7 16. Bb6 Qd7 17. Qd2 Bxd5 18. cxd5 Kh7 19. Be3 Nfg8 20. Rac1 Bh6 21. Bxh6 Nxh6 22. Ne3 b5 23. Rxc8 Rxc8 24. Rc1 Rxc1+ 25. Qxc1 Qa7 26. Kf1 f5 27. Qc3 1/2-1/2

[Event "BCF-chT 2223 (4NCL)"]
[Site "England"]
[Date "2023.03.19"]
[Round "8.6"]
[White "Ansell, Simon"]
[Black "Royal, Shreyas"]
[Result "1/2-1/2"]
[WhiteElo "2344"]
[BlackElo "2431"]
[PlyCount "138"]
[EventDate "2022.10.22"]
[EventType "team-swiss"]
[EventRounds "11"]
[EventCountry "ENG"]
[SourceTitle "CBM 213 Extra"]
[Source "ChessBase"]
[SourceDate "2023.05.31"]
[SourceVersion "1"]
[SourceVersionDate "2023.05.31"]
[SourceQuality "1"]
[WhiteTeam "Blackthorne Russia"]
[BlackTeam "Wood Green Youth"]
[WhiteTeamCountry "ENG"]
[BlackTeamCountry "ENG"]

1. e4 c5 2. d3 Nc6 3. f4 g6 4. Nf3 Bg7 5. Be2 d6 6. 0-0 Nf6 7. Na3 0-0 8. Qe1 Rb8 9. c3 b5 10. Nc2 a5 11. Kh1 b4 12. c4 e6 13. a3 h5 14. axb4 axb4 15. Bd1 Bb7 16. Qg3 d5 17. cxd5 exd5 18. e5 Ng4 19. d4 Nh6 20. dxc5 Nf5 21. Qf2 d4 22. Nce1 Nce7 23. Ng5 Nd5 24. Bf3 Nde3 25. c6 Nxf1 26. Qxf1 Ra8 27. Rxa8 Bxa8 28. Qc4 d3 29. Nxd3 Qd4 30. Qa6 Ne7 31. c7 Bxf3 32. Nxf3 Qe4 33. Qd6 Nc8 34. Qd8 Nb6 35. Bd2 Qa8 36. Qd4 Nd5 37. Bxb4 Rc8 38. Bd6 Nxc7 39. Bxc7 Rxc7 40. h3 Qc8 41. b4 Rd7 42. Qe4 Qd8 43. Nc5 Rd1+ 44. Kh2 Qd5 45. Qxd5 Rxd5 46. g4 hxg4 47. hxg4 Bf8 48. Kg3 Bxc5 49. bxc5 Rxc5 50. f5 Rc4 51. Ng5 Kg7 52. f6+ Kf8 53. Kf3 Rc1 54. Kf4 Rf1+ 55. Ke4 Ke8 56. Ke3 Re1+ 57. Kf4 Re2 58. Ne4 Kd7 59. Ng5 Ke8 60. Ne4 Rb2 61. Nd6+ Kf8 62. Ne4 Rb4 63. Kf3 Ke8 64. Ng5 Ra4 65. Kg3 Rc4 66. Kf3 Rb4 67. Kg3 Ra4 68. Kf3 Rb4 69. Kg3 Ra4 1/2-1/2

[Event "BCF-chT 2223 (4NCL)"]
[Site "England"]
[Date "2023.02.12"]
[Round "6.2"]
[White "Ansell, Simon"]
[Black "Parligras, Mircea Emilian"]
[Result "0-1"]
[WhiteElo "2345"]
[BlackElo "2570"]
[PlyCount "152"]
[EventDate "2022.10.22"]
[EventType "team-swiss"]
[EventRounds "11"]
[EventCountry "ENG"]
[SourceTitle "CBM 213 Extra"]
[Source "ChessBase"]
[SourceDate "2023.05.31"]
[SourceVersion "1"]
[SourceVersionDate "2023.05.31"]
[SourceQuality "1"]
[WhiteTeam "Blackthorne Russia"]
[BlackTeam "Chess.com Manx Liberty"]
[WhiteTeamCountry "ENG"]
[BlackTeamCountry "ENG"]

1. e4 c5 2. Nf3 d6 3. d4 cxd4 4. Qxd4 Nf6 5. Be2 g6 6. h3 Bg7 7. 0-0 0-0 8. Rd1 Be6 9. Qe3 Qb6 10. Qxb6 axb6 11. Nc3 Rc8 12. Bd3 Na6 13. a3 Nc5 14. Be3 Bd7 15. Nd4 Bc6 16. Nxc6 bxc6 17. a4 Nfd7 18. Ra3 b5 19. b4 Nxa4 20. Nxa4 Rxa4 21. Rb3 Ne5 22. f4 Nc4 23. Bf2 Rca8 24. Kf1 Ra1 25. Rxa1 Rxa1+ 26. Ke2 Kf8 27. e5 Ke8 28. h4 h5 29. exd6 Nxd6 30. Bc5 Bf6 31. g3 Kd7 32. Kf3 Nc4 33. Ke2 e6 34. Be4 Ra3 35. Rxa3 Nxa3 36. Kd3 Nc4 37. Bf2 Be7 38. c3 f5 39. Bg2 Bd8 40. Ke2 Bc7 41. Bd4 e5 42. fxe5 Nxe5 43. Bf2 Ng4 44. Be1 Be5 45. Kd3 Nf6 46. Bf3 Kd6 47. Bg2 Nd5 48. Bf3 Nf6 49. Bg2 Ne4 50. Bxe4 fxe4+ 51. Kxe4 Ke6 52. Ke3 Kd5 53. Kd3 Bd6 54. Bf2 Bc7 55. Be1 c5 56. bxc5 Kxc5 57. Bf2+ Kd5 58. Be1 Bb8 59. Bf2 Bd6 60. Be1 Ke5 61. Ke3 Bc5+ 62. Kf3 Kd5 63. g4 hxg4+ 64. Kxg4 Be7 65. h5 gxh5+ 66. Kxh5 Bf6 67. Kg6 Bh8 68. Bh4 Bxc3 69. Be7 Bd4 70. Kf5 Bc5 71. Bg5 b4 72. Bc1 b3 73. Bb2 Bd4 74. Ba3 Bc3 75. Kf4 Kd4 76. Kf3 Kd3 0-1

[Event "BCF-chT 2223 (4NCL)"]
[Site "England"]
[Date "2023.01.14"]
[Round "3.5"]
[White "Reimanis, Ritvars"]
[Black "Ansell, Simon"]
[Result "0-1"]
[WhiteElo "2374"]
[BlackElo "2347"]
[PlyCount "99"]
[EventDate "2022.10.22"]
[EventType "team-swiss"]
[EventRounds "11"]
[EventCountry "ENG"]
[SourceTitle "CBM 213 Extra"]
[Source "ChessBase"]
[SourceDate "2023.05.31"]
[SourceVersion "1"]
[SourceVersionDate "2023.05.31"]
[SourceQuality "1"]
[WhiteTeam "Celtic Tigers"]
[BlackTeam "Blackthorne Russia"]
[WhiteTeamCountry "ENG"]
[BlackTeamCountry "ENG"]

1. d4 d5 2. c4 c6 3. e3 Bf5 4. Nf3 e6 5. Nc3 Nd7 6. Bd2 h6 7. Be2 Ngf6 8. 0-0 Bd6 9. Qb3 Rb8 10. Be1 0-0 11. Nd2 Qe7 12. Bf3 b5 13. cxd5 cxd5 14. Be2 a6 15. f3 Rfc8 16. a3 e5 17. Qd1 exd4 18. exd4 Nb6 19. Bf2 Nc4 20. Nxc4 bxc4 21. Qd2 Qb7 22. Ra2 Re8 23. Bd1 Bd3 24. Re1 Rxe1+ 25. Bxe1 g5 26. g3 Qd7 27. Bc2 Bxc2 28. Qxc2 g4 29. fxg4 Qxg4 30. Bf2 h5 31. Kg2 Bc7 32. h3 Qg6 33. Qe2 Rb3 34. Ra1 Bxg3 35. Rg1 h4 36. Bxg3 hxg3 37. Rf1 Kg7 38. Rf3 Ne4 39. Nxe4 Qxe4 40. Qxe4 Rxb2+ 41. Kg1 dxe4 42. Rxg3+ Kf6 43. Rc3 Kf5 44. d5 Ke5 45. Rxc4 Kxd5 46. Ra4 e3 47. Kf1 f5 48. h4 Ke5 49. Rxa6 Ke4 50. Ke1 0-1

[Event "BCF-chT 2122 (4NCL)"]
[Site "England"]
[Date "2022.03.26"]
[Round "5.42"]
[White "Derakhshani, Borna"]
[Black "Ansell, Simon"]
[Result "1/2-1/2"]
[WhiteElo "2371"]
[BlackElo "2347"]
[PlyCount "60"]
[EventDate "2021.11.27"]
[EventType "team-swiss"]
[EventRounds "11"]
[EventCountry "ENG"]
[SourceTitle "EXT 2023"]
[Source "ChessBase"]
[SourceDate "2022.10.05"]
[SourceVersion "1"]
[SourceVersionDate "2022.10.05"]
[SourceQuality "1"]
[WhiteTeam "Wood Green Youth"]
[BlackTeam "Blackthorne Russia"]
[WhiteTeamCountry "ENG"]
[BlackTeamCountry "ENG"]

1. Nf3 d5 2. b3 Bg4 3. Bb2 Bxf3 4. exf3 e6 5. f4 Nd7 6. g3 Ngf6 7. Bg2 a5 8. 0-0 Be7 9. Re1 0-0 10. d3 a4 11. c4 Bb4 12. Re3 a3 13. Be5 dxc4 14. bxc4 Nxe5 15. fxe5 Qd4 16. Nxa3 Ng4 17. Nc2 Nxe3 18. fxe3 Qxe5 19. Nxb4 Qxe3+ 20. Kh1 c6 21. Nc2 Qf2 22. d4 Qf6 23. Qd3 Qg6 24. Qxg6 hxg6 25. a3 Ra4 26. Bf1 Rd8 27. Rd1 g5 28. Kg1 Ra5 29. Bg2 Ra4 30. Bf1 Ra5 1/2-1/2

[Event "Ghent Eastman op 42nd"]
[Site "Ghent"]
[Date "2019.07.22"]
[Round "6"]
[White "Ansell, Simon"]
[Black "Den Boer, Lennard"]
[Result "1/2-1/2"]
[WhiteElo "2334"]
[BlackElo "2145"]
[PlyCount "60"]
[EventDate "2019.07.20"]
[EventType "swiss"]
[EventRounds "9"]
[EventCountry "BEL"]
[SourceTitle "CBM 191 Extra"]
[Source "ChessBase"]
[SourceDate "2019.09.30"]
[SourceVersion "1"]
[SourceVersionDate "2019.09.30"]
[SourceQuality "1"]

1. d4 e6 2. Nf3 d5 3. Bf4 Nf6 4. e3 Be7 5. h3 c5 6. c3 Nc6 7. Nbd2 0-0 8. Bd3 b6 9. Qe2 Bb7 10. 0-0 h6 11. Rad1 Bd6 12. Bxd6 Qxd6 13. e4 dxe4 14. Nxe4 Nxe4 15. Bxe4 Rad8 16. dxc5 Qxc5 17. Rxd8 Rxd8 18. Rd1 Qe7 19. c4 Na5 20. Rxd8+ Qxd8 21. Bxb7 Nxb7 22. b4 a5 23. a3 axb4 24. axb4 Qc7 25. Nd4 Qd6 26. Qe4 Qxb4 27. Nxe6 fxe6 28. Qxe6+ Kh7 29. Qe4+ Kg8 30. Qxb7 Qe1+ 1/2-1/2

[Event "Ghent Eastman op 42nd"]
[Site "Ghent"]
[Date "2019.07.22"]
[Round "5"]
[White "Cocquyt, Tijs"]
[Black "Ansell, Simon"]
[Result "0-1"]
[WhiteElo "2114"]
[BlackElo "2334"]
[PlyCount "72"]
[EventDate "2019.07.20"]
[EventType "swiss"]
[EventRounds "9"]
[EventCountry "BEL"]
[SourceTitle "CBM 191 Extra"]
[Source "ChessBase"]
[SourceDate "2019.09.30"]
[SourceVersion "1"]
[SourceVersionDate "2019.09.30"]
[SourceQuality "1"]

1. d4 Nf6 2. Bg5 e6 3. e4 h6 4. Bxf6 Qxf6 5. c3 d6 6. Nf3 Nd7 7. Bd3 g6 8. 0-0 Bg7 9. Nbd2 Qe7 10. Re1 e5 11. Nf1 0-0 12. Ne3 c6 13. a4 Rd8 14. Qb3 Nf8 15. Qa3 Qc7 16. dxe5 dxe5 17. Rad1 Ne6 18. g3 Bf8 19. Qa2 Nc5 20. Bc4 Rxd1 21. Nxd1 Bg4 22. Nh4 Kg7 23. f3 Be6 24. Bxe6 Nxe6 25. b4 a5 26. b5 Bc5+ 27. Kh1 cxb5 28. axb5 Rd8 29. Ng2 Bb6 30. Qa1 Ng5 31. Rf1 Rd3 32. f4 Nxe4 33. fxe5 Qxe5 34. Nb2 Nxg3+ 35. hxg3 Qh5+ 36. Nh4 Rxg3 0-1

[Event "BCF-chTb 1819 (4NCL)"]
[Site "Daventry"]
[Date "2019.01.12"]
[Round "3.85"]
[White "Willow, Jonah B"]
[Black "Ansell, Simon"]
[Result "0-1"]
[WhiteElo "2218"]
[BlackElo "2332"]
[PlyCount "132"]
[EventDate "2018.11.10"]
[EventType "team-tourn"]
[EventRounds "11"]
[EventCountry "ENG"]
[SourceTitle "CBM 188 Extra"]
[Source "ChessBase"]
[SourceDate "2019.02.28"]
[SourceVersion "1"]
[SourceVersionDate "2019.02.28"]
[SourceQuality "1"]
[WhiteTeam "Wood Green Monarchs"]
[BlackTeam "Blackthorne Russia"]
[WhiteTeamCountry "ENG"]
[BlackTeamCountry "ENG"]

1. e4 c5 2. Nf3 Nc6 3. d4 cxd4 4. Nxd4 e5 5. Nb5 d6 6. N1c3 a6 7. Na3 Be6 8. Nc4 b5 9. Ne3 Nf6 10. Bd3 g6 11. 0-0 Bh6 12. Ncd5 Bxd5 13. Nxd5 Bxc1 14. Qxc1 0-0 15. a4 Nxd5 16. exd5 Nb4 17. Qd2 Nxd3 18. Qxd3 Qb6 19. axb5 axb5 20. Qc3 Rac8 21. Qb3 Rc4 22. c3 f5 23. Qa3 Ra4 24. Qb3 Rfa8 25. Rxa4 Rxa4 26. Qd1 Qc5 27. Qd2 Kg7 28. Qg5 Qc7 29. Rd1 h6 30. Qe3 h5 31. h3 f4 32. Qe2 Qc4 33. Rd2 Ra1+ 34. Kh2 Qxe2 35. Rxe2 Rd1 36. b4 Rxd5 37. Ra2 e4 38. Ra5 Rd2 39. Rxb5 Rxf2 40. Kg1 Rd2 41. Kf1 e3 42. c4 Rf2+ 43. Kg1 Rc2 44. Kf1 Rc1+ 45. Ke2 Rg1 46. Rg5 Kf6 47. h4 Rb1 48. b5 Rb2+ 49. Ke1 Rb4 50. Rd5 Rxc4 51. Rxd6+ Kf5 52. Rd5+ Ke4 53. Rd6 Rc1+ 54. Ke2 Rc2+ 55. Kf1 Rf2+ 56. Kg1 Rd2 57. Re6+ Kf5 58. Re7 Rb2 59. Kf1 Rxb5 60. Rf7+ Ke5 61. Rg7 Kf6 62. Rg8 Rb1+ 63. Ke2 Rg1 64. Rf8+ Ke5 65. Re8+ Kf5 66. Rf8+ Kg4 0-1

[Event "BCF-chTb 1819 (4NCL)"]
[Site "Daventry"]
[Date "2018.11.10"]
[Round "1.7"]
[White "Ansell, Simon"]
[Black "Maciol, Ryszard"]
[Result "1/2-1/2"]
[WhiteElo "2336"]
[BlackElo "2120"]
[PlyCount "79"]
[EventDate "2018.11.10"]
[EventType "team-tourn"]
[EventRounds "11"]
[EventCountry "ENG"]
[SourceTitle "CBM 187 Extra"]
[Source "ChessBase"]
[SourceDate "2018.11.04"]
[SourceVersion "1"]
[SourceVersionDate "2018.11.04"]
[SourceQuality "1"]
[WhiteTeam "Blackthorne Russia"]
[BlackTeam "Celtic Tigers"]
[WhiteTeamCountry "ENG"]
[BlackTeamCountry "ENG"]

1. d4 e6 2. Nf3 Nf6 3. Bf4 b6 4. e3 Bb7 5. h3 Be7 6. Bd3 c5 7. c3 d6 8. 0-0 0-0 9. Bh2 Qd7 10. Nbd2 Nc6 11. Qe2 Rfd8 12. Rfd1 Bf8 13. e4 Qe7 14. e5 dxe5 15. dxe5 Ne8 16. Nc4 g6 17. a4 Qc7 18. Bf4 Bg7 19. Bc2 Rxd1+ 20. Rxd1 Rd8 21. Rxd8 Nxd8 22. h4 Qd7 23. h5 Bc6 24. hxg6 hxg6 25. b3 Nc7 26. Ng5 Nd5 27. Bd2 Nb7 28. Qd3 b5 29. axb5 Bxb5 30. Nf3 Na5 31. Qe4 Bxc4 32. bxc4 Nb6 33. Be3 Naxc4 34. Bxc5 Nd2 35. Nxd2 Qxd2 36. Bd4 Qc1+ 37. Kh2 Qh6+ 38. Kg1 Qc1+ 39. Kh2 Qh6+ 40. Kg1 1/2-1/2

[Event "BCF-chT1d 1718 (4NCL) Demotion pool"]
[Site "England"]
[Date "2018.05.07"]
[Round "11.55"]
[White "Congiu, Mathilde"]
[Black "Ansell, Simon"]
[Result "1/2-1/2"]
[WhiteElo "2241"]
[BlackElo "2340"]
[PlyCount "36"]
[EventDate "2017.11.11"]
[EventType "team-swiss"]
[EventRounds "11"]
[EventCountry "ENG"]
[SourceTitle "EXT 2019"]
[Source "ChessBase"]
[SourceDate "2018.10.10"]
[SourceVersion "1"]
[SourceVersionDate "2018.10.10"]
[SourceQuality "1"]
[WhiteTeam "3CS Oldham"]
[BlackTeam "Blackthorne Russia"]
[WhiteTeamCountry "ENG"]
[BlackTeamCountry "ENG"]

1. e4 c5 2. Nc3 Nc6 3. Nf3 e5 4. Bc4 Be7 5. d3 d6 6. Nd2 Bg5 7. Nf1 Bxc1 8. Rxc1 Nf6 9. Ne3 0-0 10. 0-0 Be6 11. Ncd5 Nb4 12. Nxf6+ Qxf6 13. c3 Nc6 14. Nd5 Qd8 15. Re1 Rc8 16. g3 Ne7 17. Nxe7+ Qxe7 18. Qb3 Bxc4 1/2-1/2

[Event "BCF-chT1d 1718 (4NCL) Demotion pool"]
[Site "England"]
[Date "2018.05.06"]
[Round "10.65"]
[White "Ansell, Simon"]
[Black "Ivell, Nicholas W"]
[Result "1/2-1/2"]
[WhiteElo "2340"]
[BlackElo "2220"]
[PlyCount "63"]
[EventDate "2017.11.11"]
[EventType "team-swiss"]
[EventRounds "11"]
[EventCountry "ENG"]
[SourceTitle "EXT 2019"]
[Source "ChessBase"]
[SourceDate "2018.10.10"]
[SourceVersion "1"]
[SourceVersionDate "2018.10.10"]
[SourceQuality "1"]
[WhiteTeam "Blackthorne Russia"]
[BlackTeam "Spirit of Atticus"]
[WhiteTeamCountry "ENG"]
[BlackTeamCountry "ENG"]

1. e4 c5 2. Nf3 e6 3. d4 cxd4 4. Nxd4 Nf6 5. Bd3 Nc6 6. Nxc6 bxc6 7. 0-0 d6 8. c4 e5 9. Nc3 Be7 10. Qc2 Be6 11. f4 exf4 12. Bxf4 0-0 13. Kh1 h6 14. Rad1 Qa5 15. Qd2 Qc5 16. a3 a5 17. e5 dxe5 18. Be3 Qd6 19. Rxf6 gxf6 20. Bxh6 Rfd8 21. Qe2 f5 22. Bxf5 Qxd1+ 23. Nxd1 Bxf5 24. Nc3 e4 25. Qh5 Bg6 26. Qe5 Bf8 27. Bxf8 Kxf8 28. Qh8+ Ke7 29. Qe5+ Kf8 30. Qh8+ Ke7 31. Qe5+ Kf8 32. Qh8+ 1/2-1/2